| 000 | 00712nam a2200217 a 4500 | ||
|---|---|---|---|
| 001 | 000013146 | ||
| 005 | 20240412074237.0 | ||
| 008 | 091120s1996 dr 000 j spa d | ||
| 020 | _z8498539375 | ||
| 040 |
_aDO-SdBNP _bspa _cBNPHU |
||
| 082 |
_aRD863.44 _bV145m |
||
| 100 | 1 |
_aValdez, Diógenes, _d1941- _920511 |
|
| 245 | 1 | 0 |
_aMotivos para aborrecer a Picasso / _cDiógenes Valdes. |
| 260 |
_aSanto Domingo : _bEditora De Colores, _c1996. |
||
| 300 |
_a96 p. ; _c21 cm. |
||
| 500 | _aIncluye datos biográficos del autor en la contracubierta | ||
| 590 | _aInventariado, 2020 /LP | ||
| 650 | 0 |
_aCuentos dominicanos _9176 |
|
| 650 | 0 |
_aLiteratura dominicana. _967 |
|
| 910 | _aValidado. Control de calidad MFF | ||
| 999 |
_c12786 _d12786 |
||